000 00777cab a2200241 4500
001 WB3348-10
008 090401t1997 xxu||||| |||| 00| 0 eng d
035 _a(Sirsi) u82547
041 _aeng
245 _aPACE seeks Treasury funds
260 _c1997
350 _a0
490 _aEstates Gazette
_v(9749) 6 December 1997, 39(1)
520 _aProperty Advisors to the Civil Estate (PACE) is intending to go to the Treasury for extra money to cover the cost of disposing of empty buildings in its portfolio.
650 _aPACE
650 _aPRIVITY OF CONTRACT
650 _aPROPERTY ADVISORS TO THE CIVIL ESTATE
650 _aPROPERTY PORTFOLIO
650 _aSURRENDER OF LEASES
690 _aPROPERTY-COMMERCIAL PROPERTY
942 _n0
948 _c09/12/1997
999 _c52121
_d52121